Theory of financial risks : from statistical physics to risk management /
Αποθηκεύτηκε σε:
| Κύριος συγγραφέας: | |
|---|---|
| Άλλοι συγγραφείς: | |
| Μορφή: | Sách giấy |
| Έκδοση: |
Cambridge [England] ; New York :
Cambridge University Press,
2000.
|
| Θέματα: | |
| Διαθέσιμο Online: | Table of contents Publisher description |
| Ετικέτες: |
Προσθήκη ετικέτας
Δεν υπάρχουν, Καταχωρήστε ετικέτα πρώτοι!
|
| Thư viện lưu trữ: | Thư viện Trường Đại học Đà Lạt |
|---|
| LEADER | 01277nam a2200385 4500 | ||
|---|---|---|---|
| 001 | DLU030022895 | ||
| 005 | ##20030307064841.0 | ||
| 008 | ##000104s2000 enka b 001 0 eng | ||
| 010 | # | # | |a 00020325 |
| 020 | # | # | |a 0521782325 (hbk.) |
| 040 | # | # | |a DLC |c DLC |d DLC |
| 042 | # | # | |a pcc |
| 050 | # | # | |a HG101 |b .B68 2000 |
| 082 | # | # | |a 658.155 |b BO-J |
| 100 | # | # | |a Bouchaud, Jean-Philippe, |d 1962- |
| 245 | # | # | |a Theory of financial risks : |b from statistical physics to risk management / |c Jean-Philippe Bouchaud and Marc Potters. |
| 260 | # | # | |a Cambridge [England] ; |a New York : |b Cambridge University Press, |c 2000. |
| 300 | # | # | |a xiii, 218 p. : |b ill. ; |c 26 cm. |
| 504 | # | # | |a Includes bibliographical references and indexes. |
| 650 | # | # | |a Finance. |
| 650 | # | # | |a Financial engineering. |
| 650 | # | # | |a Risk assessment. |
| 650 | # | # | |a Risk management. |
| 700 | # | # | |a Potters, Marc, |d 1969- |
| 856 | # | # | |3 Table of contents |u http://www.loc.gov/catdir/toc/cam021/00020325.html |
| 856 | # | # | |3 Publisher description |u http://www.loc.gov/catdir/description/cam021/00020325.html |
| 992 | # | # | |a 48 |
| 994 | # | # | |a DLU |
| 900 | # | # | |a True |
| 911 | # | # | |a Thái Thị Thanh Thủy |
| 925 | # | # | |a G |
| 926 | # | # | |a A |
| 927 | # | # | |a SH |
| 980 | # | # | |a Thư viện Trường Đại học Đà Lạt |


